[Event "Munich Youngsters IM Challenge"]
[Site "Munich"]
[Date "2023.10.13"]
[Round "9"]
[White "Jaggy, Matteo"]
[Black "Jetzl, Julian"]
[Result "1-0"]
[WhiteElo "2175"]
[BlackElo "1965"]
[PlyCount "107"]
[EventDate "2023.10.08"]
[EventType "team-tourn"]
[EventRounds "9"]
[EventCountry "GER"]
[SourceTitle "Mega2024 Update 01"]
[Source "Chessbase"]
[SourceDate "2023.11.12"]
[SourceVersion "1"]
[SourceVersionDate "2023.11.12"]
[SourceQuality "1"]
[WhiteTeam "Challenger IV"]
[BlackTeam "Challenger II"]
[WhiteTeamCountry "GER"]
[BlackTeamCountry "GER"]

1. d4 d5 2. Bf4 Nf6 3. e3 c5 4. c3 Nc6 5. Nd2 e6 6. Ngf3 Bd6 7. Bxd6 Qxd6 8. Bd3 Bd7 9. 0-0 0-0 10. Qe2 cxd4 11. exd4 Rab8 12. Ne5 b5 13. b4 Ne8 14. f4 g6 15. Nb3 Ng7 16. Nxd7 Qxd7 17. Bxb5 Nf5 18. Nc5 Qd6 19. Bd3 Ng7 20. a3 Rfe8 21. Qd2 Re7 22. a4 f6 23. Rae1 Rbe8 24. Bb5 Nf5 25. g4 Ng7 26. Re2 h5 27. Qc2 e5 28. fxe5 fxe5 29. Ref2 e4 30. Rf6 Ne6 31. Rxg6+ Rg7 32. Qf2 Ree7 33. Nxe6 Rxg6 34. Qf8+ Kh7 35. Rf7+ Rxf7 36. Qxf7+ Kh6 37. g5+ Rxg5+ 38. Nxg5 Kxg5 39. Qg7+ Kf5 40. Qf7+ Kg5 41. Be2 Qg6 42. h4+ Kh6+ 43. Qxg6+ Kxg6 44. b5 Na5 45. Kf2 Nb3 46. Ke3 Kf5 47. Bxh5 Na5 48. Be2 Nb7 49. h5 Nd6 50. a5 Kg5 51. b6 axb6 52. axb6 Nf5+ 53. Kf2 Ne7 54. Bb5 1-0

[Event "Munich Youngsters IM Challenge"]
[Site "Munich"]
[Date "2023.10.10"]
[Round "4"]
[White "Jetzl, Julian"]
[Black "Butenandt, Svenja"]
[Result "0-1"]
[WhiteElo "1965"]
[BlackElo "2082"]
[PlyCount "50"]
[EventDate "2023.10.08"]
[EventType "team-tourn"]
[EventRounds "9"]
[EventCountry "GER"]
[SourceTitle "Mega2024 Update 01"]
[Source "Chessbase"]
[SourceDate "2023.11.12"]
[SourceVersion "1"]
[SourceVersionDate "2023.11.12"]
[SourceQuality "1"]
[WhiteTeam "Challenger II"]
[BlackTeam "Challenger IV"]
[WhiteTeamCountry "GER"]
[BlackTeamCountry "GER"]

1. d4 Nf6 2. c4 e6 3. Nc3 Bb4 4. e3 0-0 5. Nge2 Re8 6. a3 Bf8 7. e4 d5 8. e5 Nfd7 9. cxd5 exd5 10. g3 c5 11. f4 Nc6 12. Bg2 cxd4 13. Nxd5 Nc5 14. b4 Be6 15. Nec3 dxc3 16. bxc5 Nxe5 17. 0-0 Bxc5+ 18. Be3 Bxe3+ 19. Nxe3 Qb6 20. Kh1 Qxe3 21. fxe5 Rad8 22. Qa4 Qxe5 23. Rae1 Bd7 24. Qd1 c2 25. Qd2 Qxe1 0-1

[Event "Munich Youngsters IM Challenge"]
[Site "Munich"]
[Date "2023.10.09"]
[Round "3"]
[White "Hartge, Gedeon"]
[Black "Jetzl, Julian"]
[Result "1-0"]
[WhiteElo "2228"]
[BlackElo "1965"]
[PlyCount "69"]
[EventDate "2023.10.08"]
[EventType "team-tourn"]
[EventRounds "9"]
[EventCountry "GER"]
[SourceTitle "Mega2024 Update 01"]
[Source "Chessbase"]
[SourceDate "2023.11.12"]
[SourceVersion "1"]
[SourceVersionDate "2023.11.12"]
[SourceQuality "1"]
[WhiteTeam "Challenger IV"]
[BlackTeam "Challenger II"]
[WhiteTeamCountry "GER"]
[BlackTeamCountry "GER"]

1. d4 Nf6 2. c4 g6 3. f3 d5 4. cxd5 Nxd5 5. e4 Nb6 6. Nc3 Bg7 7. Be3 0-0 8. Qd2 Nc6 9. 0-0-0 Qd6 10. Kb1 Rd8 11. Nb5 Qd7 12. d5 a6 13. Na3 Qe8 14. Qc1 Qd7 15. Be2 Nb4 16. Nh3 Qa4 17. Nf2 Bd7 18. Rd2 N6xd5 19. Bd1 Qa5 20. exd5 Bf5+ 21. Ne4 Rxd5 22. Bb3 Rxd2 23. Bxd2 Bxe4+ 24. fxe4 Rd8 25. Qc4 c5 26. Qxf7+ Kh8 27. Nc4 Qc7 28. Bc3 Bxc3 29. bxc3 Qc6 30. Re1 Nd3 31. Re3 b5 32. Rxd3 Qxe4 33. Bc2 Qe1+ 34. Kb2 Rb8 35. Qf4 1-0

[Event "AUT-ch"]
[Site "Vienna"]
[Date "2023.07.26"]
[Round "5"]
[White "Jetzl, Julian"]
[Black "Schroll, Gerhard"]
[Result "0-1"]
[WhiteElo "1917"]
[BlackElo "2242"]
[PlyCount "104"]
[EventDate "2023.07.22"]
[EventType "swiss"]
[EventRounds "9"]
[EventCountry "AUT"]
[SourceTitle "CBM 215 Extra"]
[Source "ChessBase"]
[SourceDate "2023.09.30"]
[SourceVersion "1"]
[SourceVersionDate "2023.09.30"]
[SourceQuality "1"]

1. d4 Nc6 2. c4 e5 3. d5 Nce7 4. e4 Nf6 5. Nc3 Ng6 6. a3 Be7 7. Nf3 d6 8. Be2 0-0 9. 0-0 h6 10. b4 a5 11. Bd2 Nh7 12. Qc2 Ng5 13. Kh1 f5 14. Nxg5 Bxg5 15. Bxg5 Qxg5 16. f3 Nf4 17. Bd3 Nxd3 18. Qxd3 fxe4 19. Nxe4 Bf5 20. Qe2 Bxe4 21. fxe4 axb4 22. axb4 Rxf1+ 23. Rxf1 Ra3 24. Qf2 Qf4 25. Qxf4 exf4 26. h4 Rb3 27. c5 Rxb4 28. cxd6 cxd6 29. Rxf4 b5 30. Kg1 Rc4 31. Kf2 b4 32. Ke3 b3 33. Rf1 b2 34. Rb1 Rb4 35. Kd3 h5 36. Kc3 Rxe4 37. Rxb2 Rxh4 38. Rb6 Rg4 39. Rxd6 Kf7 40. Re6 Rxg2 41. Re5 h4 42. d6 Rg6 43. Rd5 Ke8 44. Rh5 Rh6 45. Re5+ Kd7 46. Re7+ Kxd6 47. Rxg7 h3 48. Rg1 h2 49. Rh1 Ke5 50. Kd3 Kf4 51. Ke2 Kg3 52. Kf1 Re6 0-1

[Event "Bodensee op"]
[Site "Bregenz"]
[Date "2022.05.26"]
[Round "6"]
[White "Willemsma, Abe"]
[Black "Jetzl, Julian"]
[Result "1-0"]
[WhiteElo "2084"]
[BlackElo "1812"]
[PlyCount "57"]
[EventDate "2022.05.21"]
[EventType "swiss"]
[EventRounds "9"]
[EventCountry "AUT"]
[SourceTitle "CBM 208 Extra"]
[Source "ChessBase"]
[SourceDate "2022.07.31"]
[SourceVersion "1"]
[SourceVersionDate "2022.07.31"]
[SourceQuality "1"]

1. c4 e5 2. Nc3 Nf6 3. g3 d5 4. cxd5 Nxd5 5. Bg2 Nxc3 6. bxc3 Nc6 7. Rb1 Bc5 8. Qa4 Bd7 9. Qc4 Qe7 10. Nf3 e4 11. Nd4 0-0 12. Nb3 Bb6 13. Qxe4 Qf6 14. Qf4 Qg6 15. Be4 f5 16. Bf3 Qf6 17. d4 a5 18. h4 a4 19. Nd2 Na5 20. 0-0 c5 21. d5 h6 22. h5 Ba7 23. Qc7 Rfd8 24. Qxa5 b5 25. Qc7 Qxc3 26. Bb2 Qxd2 27. e3 a3 28. Ba1 Be8 29. Qxg7# 1-0

[Event "AUT-ch U14"]
[Site "St Veit"]
[Date "2022.04.11"]
[Round "3"]
[White "Jetzl, Julian"]
[Black "Geroe, Leonhard"]
[Result "0-1"]
[WhiteElo "1868"]
[BlackElo "1957"]
[PlyCount "60"]
[EventDate "2022.04.10"]
[EventType "swiss"]
[EventRounds "7"]
[EventCountry "AUT"]
[SourceTitle "EXT 2023"]
[Source "ChessBase"]
[SourceDate "2022.10.05"]
[SourceVersion "1"]
[SourceVersionDate "2022.10.05"]
[SourceQuality "1"]

1. d4 d5 2. c4 c6 3. Nc3 Nf6 4. Nf3 e6 5. Bg5 h6 6. Bh4 dxc4 7. e4 g5 8. Bg3 b5 9. Be2 Nbd7 10. Qc2 Bb7 11. Rd1 a6 12. 0-0 Bg7 13. h4 Nh5 14. Be5 Kf8 15. Bd6+ Kg8 16. Ne5 Nf4 17. Nxd7 Qxd7 18. Bxf4 gxf4 19. e5 c5 20. Qd2 f3 21. Bxf3 Bxf3 22. gxf3 Rd8 23. Qf4 cxd4 24. Ne4 Kf8 25. Nd6 Bxe5 26. Qxe5 Rg8+ 27. Kh1 Qxd6 28. Qh5 Qf4 29. Rfe1 Rd5 30. Re4 Qf6 0-1

[Event "AUT-ch U14"]
[Site "St Veit"]
[Date "2021.10.25"]
[Round "1.10"]
[White "Jetzl, Julian"]
[Black "Ganbat, Gan Erdene"]
[Result "1/2-1/2"]
[WhiteElo "1766"]
[BlackElo "1324"]
[PlyCount "121"]
[EventDate "2021.10.25"]
[EventType "swiss"]
[EventRounds "7"]
[EventCountry "AUT"]
[SourceTitle "EXT 2023"]
[Source "ChessBase"]
[SourceDate "2022.10.05"]
[SourceVersion "1"]
[SourceVersionDate "2022.10.05"]
[SourceQuality "1"]

1. d4 d5 2. c4 e6 3. Nc3 Nf6 4. cxd5 exd5 5. Bg5 Be7 6. e3 0-0 7. Bd3 Nbd7 8. Qc2 Re8 9. Bxh7+ Nxh7 10. Bxe7 Qxe7 11. Nxd5 Qe4 12. Qxe4 Rxe4 13. f3 Rh4 14. Nxc7 Rb8 15. Rc1 Rh6 16. Ne2 Rc6 17. Kf2 Nb6 18. e4 Bd7 19. d5 Rxc1 20. Rxc1 Nf6 21. Nc3 Rc8 22. d6 Ne8 23. Nxe8 Bxe8 24. Rd1 Rd8 25. b3 f6 26. f4 Kf7 27. f5 Nc8 28. Ke3 Rxd6 29. Nd5 Ne7 30. Kd4 b6 31. g4 Nc6+ 32. Ke3 Ne5 33. h3 g6 34. fxg6+ Nxg6 35. Rf1 Bc6 36. g5 Bxd5 37. exd5 Kg7 38. gxf6+ Rxf6 39. Rc1 Rf7 40. d6 Rd7 41. Rc7 Rxc7 42. dxc7 Ne7 43. Kd4 Kf6 44. Kc4 a6 45. b4 Ke6 46. a4 Kd6 47. a5 b5+ 48. Kd4 Kxc7 49. Ke4 Nc6 50. h4 Nxb4 51. h5 Nc6 52. h6 Ne7 53. h7 Ng6 54. Kd5 b4 55. Kc4 b3 56. Kxb3 Kc6 57. Kc4 Nh8 58. Kd4 Kd6 59. Kc4 Nf7 60. Kd4 Kc6 61. Kc4 1/2-1/2

[Event "EU Union-ch U14 18th"]
[Site "Mureck"]
[Date "2021.08.07"]
[Round "4"]
[White "Wendl, Philipp"]
[Black "Jetzl, Julian"]
[Result "1-0"]
[WhiteElo "1956"]
[BlackElo "1727"]
[PlyCount "153"]
[EventDate "2021.08.04"]
[EventType "swiss"]
[EventRounds "9"]
[EventCountry "AUT"]
[SourceTitle "EXT 2022"]
[Source "ChessBase"]
[SourceDate "2021.10.06"]
[SourceVersion "1"]
[SourceVersionDate "2021.10.06"]
[SourceQuality "1"]

1. e4 c5 2. Nf3 e6 3. d4 cxd4 4. Nxd4 Nf6 5. Nc3 d6 6. Be3 a6 7. Be2 b5 8. Bf3 b4 9. Nce2 Bb7 10. Ng3 Qc7 11. 0-0 Be7 12. Qd2 d5 13. exd5 Nxd5 14. Rfe1 0-0 15. Rad1 Rd8 16. Bg5 Nf6 17. Bf4 Qb6 18. Qe3 Bc5 19. Bxb7 Rxd4 20. Qf3 Ra7 21. Bxb8 Rxb7 22. Be5 Rxd1 23. Rxd1 Nd5 24. Ne4 Be7 25. Qg4 f6 26. Bd4 Qc6 27. Re1 e5 28. Be3 g6 29. Ng3 Kf7 30. Qf3 Rc7 31. Rc1 f5 32. c4 bxc3 33. bxc3 Nxe3 34. Qxc6 Rxc6 35. fxe3 Bc5 36. Kf2 f4 37. Nf1 g5 38. Kf3 Bb4 39. c4 Ke6 40. Ke4 Rd6 41. g3 Bd2 42. Nxd2 Rxd2 43. gxf4 gxf4 44. exf4 Rd4+ 45. Ke3 Rxf4 46. c5 Rf8 47. c6 Kd6 48. c7 Rc8 49. Ke4 Kd7 50. Kxe5 a5 51. a4 Ke7 52. Kd5 Kd7 53. Rc6 h5 54. h4 Ke7 55. Kc5 Kd7 56. Kb6 Ra8 57. Rh6 Re8 58. Rh7+ Kc8 59. Kxa5 Re5+ 60. Kb6 Re6+ 61. Kc5 Rc6+ 62. Kb4 Rb6+ 63. Ka3 Rc6 64. Rxh5 Kxc7 65. Kb4 Rb6+ 66. Rb5 Rh6 67. h5 Kc6 68. a5 Kc7 69. Rc5+ Kb7 70. Kb5 Ka7 71. Kc4 Ka6 72. Kd4 Re6 73. Re5 Rd6+ 74. Ke4 Rh6 75. Kf4 Kb7 76. Kg5 Ra6 77. h6 1-0

[Event "Zuerich Christmas op 44th"]
[Site "Tornelo INT"]
[Date "2020.12.29"]
[Round "6"]
[White "Heron, Andrew"]
[Black "Jetzl, Julian"]
[Result "0-1"]
[WhiteElo "1352"]
[BlackElo "1810"]
[PlyCount "66"]
[EventDate "2020.12.26"]
[EventType "swiss"]
[EventRounds "7"]
[EventCountry "SUI"]
[SourceTitle "CBM 200 Extra"]
[Source "ChessBase"]
[SourceDate "2021.03.31"]
[SourceVersion "1"]
[SourceVersionDate "2021.03.31"]
[SourceQuality "1"]

1. e4 c5 2. Nf3 e6 3. d4 cxd4 4. Nxd4 a6 5. Nc3 Qc7 6. Be3 Nf6 7. f3 Bb4 8. Qd2 d5 9. Bd3 e5 10. Nde2 d4 11. Nxd4 exd4 12. Bxd4 Nbd7 13. Qg5 0-0 14. f4 Re8 15. 0-0-0 h6 16. Nd5 Qd6 17. Qg3 Kh8 18. c3 Bc5 19. Nxf6 gxf6 20. Qh4 Qf8 21. Bxc5 Nxc5 22. Qxf6+ Qg7 23. Qh4 Bg4 24. Rd2 Rad8 25. Bc2 Rxd2 26. Kxd2 Bf5 27. exf5 Qxg2+ 28. Kc1 Qxh1+ 29. Bd1 Qg2 30. Qxh6+ Kg8 31. Bc2 Re1+ 32. Bd1 Nd3+ 33. Kb1 Qxb2# 0-1

[Event "AUT-ch U12 Online Rapid"]
[Site "Playchess.com INT"]
[Date "2020.12.13"]
[Round "6"]
[White "Balint, Peter1111"]
[Black "Jetzl, Julian"]
[Result "0-1"]
[WhiteElo "1780"]
[BlackElo "1725"]
[PlyCount "134"]
[EventDate "2020.12.13"]
[EventType "swiss (rapid)"]
[EventRounds "7"]
[EventCountry "AUT"]
[SourceTitle "EXT 2022"]
[Source "ChessBase"]
[SourceDate "2021.10.06"]
[SourceVersion "1"]
[SourceVersionDate "2021.10.06"]
[SourceQuality "1"]

1. e4 c5 2. Nf3 e6 3. d4 cxd4 4. Nxd4 a6 5. Bd3 Nf6 6. c4 Qc7 7. Nc3 Nc6 8. Nb3 Ne5 9. Qe2 Nxd3+ 10. Qxd3 Ng4 11. f4 b6 12. h3 Nh6 13. 0-0 Bb7 14. Re1 Rc8 15. Nd2 Bc5+ 16. Kh1 Qxf4 17. Nf3 Qf6 18. Nd5 Bxd5 19. exd5 Qf5 20. Qc3 Qg6 21. Ne5 Qf6 22. Bd2 Nf5 23. g4 Bd4 24. Qf3 Bxe5 25. gxf5 0-0 26. Qe4 Bxb2 27. Rab1 exf5 28. Qf3 Bd4 29. Rbc1 Rfe8 30. Rf1 g6 31. a4 Qh4 32. a5 Qe4 33. Qxe4 Rxe4 34. axb6 Bxb6 35. Ra1 a5 36. Bxa5 Bxa5 37. Rxa5 Rexc4 38. Ra7 R8c7 39. Ra8+ Kg7 40. Rd1 Rc1 41. Ra1 Rxa1 42. Rxa1 Rc5 43. Rd1 d6 44. Kg2 Kf6 45. Kf3 Ke5 46. Re1+ Kxd5 47. Re7 Rc3+ 48. Kg2 h5 49. Rxf7 Ke6 50. Rg7 Kf6 51. Rd7 Rd3 52. Rd8 Kg5 53. Rd7 d5 54. Rd6 d4 55. Kh2 Rd2+ 56. Kg3 d3 57. h4+ Kh6 58. Kh3 Rd1 59. Kg3 d2 60. Kg2 f4 61. Kh2 f3 62. Rd5 f2 63. Kg3 f1Q 64. Rxd2 Qg1+ 65. Kh3 Qg4+ 66. Kh2 Rxd2+ 67. Kh1 Qg2# 0-1

[Event "AUT-ch U12 Online Rapid"]
[Site "Playchess.com INT"]
[Date "2020.12.13"]
[Round "3"]
[White "Guba, Viktor"]
[Black "Jetzl, Julian"]
[Result "1/2-1/2"]
[WhiteElo "1728"]
[BlackElo "1715"]
[PlyCount "141"]
[EventDate "2020.12.13"]
[EventType "swiss (rapid)"]
[EventRounds "7"]
[EventCountry "AUT"]
[SourceTitle "EXT 2022"]
[Source "ChessBase"]
[SourceDate "2021.10.06"]
[SourceVersion "1"]
[SourceVersionDate "2021.10.06"]
[SourceQuality "1"]

1. e4 c5 2. Nf3 e6 3. d4 cxd4 4. Nxd4 a6 5. Nc3 Qc7 6. Be3 Nf6 7. Bd3 Nc6 8. Nxc6 dxc6 9. 0-0 b5 10. a3 c5 11. Be2 Bb7 12. f3 Bd6 13. h3 Nh5 14. Bf2 Nf4 15. Kh1 0-0 16. Rc1 Rad8 17. Qe1 b4 18. axb4 cxb4 19. Na4 Qc6 20. b3 Be5 21. Be3 Bc7 22. Bc4 Rd7 23. Qf2 Rfd8 24. Nb2 Be5 25. Nd3 Nxd3 26. Bxd3 Bd4 27. Bxd4 Rxd4 28. Qe3 Qc3 29. Rfd1 a5 30. Qd2 Qxd2 31. Rxd2 Ba6 32. Kg1 g6 33. Rcd1 a4 34. bxa4 b3 35. Bxa6 bxc2 36. Rxc2 Rxd1+ 37. Kh2 R1d2 38. Rc8 Rxc8 39. Bxc8 Ra2 40. Bd7 Kf8 41. Bb5 Ke7 42. Kg3 Kf6 43. h4 Ke5 44. Be8 f5 45. exf5 Kxf5 46. Bd7 Ra3 47. Kh3 Ke5 48. Kg4 Kf6 49. h5 g5 50. g3 h6 51. f4 e5 52. fxe5+ Kxe5 53. Kh3 Rd3 54. Bb5 Rd4 55. Be8 Kf5 56. Bg6+ Kf6 57. Be8 Rb4 58. Bb5 Ke5 59. Bd7 Rd4 60. Bc6 Kf5 61. Be8 g4+ 62. Kh4 Rb4 63. Bg6+ Kf6 64. Be8 Ke5 65. Bd7 Kf6 66. Bc6 Kf5 67. Bd7+ Kf6 68. Bc6 Ke5 69. Bd7 Rd4 70. Bb5 Rb4 71. Bd7 1/2-1/2

[Event "AUT-ch U12 Online Blitz"]
[Site "Playchess.com INT"]
[Date "2020.12.11"]
[Round "2"]
[White "Gruenwald, Simon"]
[Black "Jetzl, Julian"]
[Result "0-1"]
[WhiteElo "1772"]
[BlackElo "1582"]
[PlyCount "76"]
[EventDate "2020.12.11"]
[EventType "swiss (blitz)"]
[EventRounds "7"]
[EventCountry "AUT"]
[SourceTitle "EXT 2022"]
[Source "ChessBase"]
[SourceDate "2021.10.06"]
[SourceVersion "1"]
[SourceVersionDate "2021.10.06"]
[SourceQuality "1"]

1. e4 c5 2. Nc3 e6 3. d3 a6 4. Bd2 b5 5. a4 b4 6. Nce2 Bb7 7. f4 Be7 8. Nf3 d5 9. Ng3 Nc6 10. Be2 Nf6 11. e5 Ng4 12. 0-0 h5 13. Ng5 h4 14. Bxg4 hxg3 15. hxg3 Nxe5 16. fxe5 Bxg5 17. Bxg5 Qxg5 18. Qf3 Rf8 19. Bh5 Qxe5 20. Bxf7+ Ke7 21. Qh5 Qd4+ 22. Rf2 Qxb2 23. Qg5+ Kd7 24. Raf1 Rfd8 25. Qxg7 Qxg7 26. Bxe6+ Kxe6 27. Rf3 d4 28. Re1+ Kd6 29. Rf4 Qxg3 30. Rfe4 Bxe4 31. dxe4 Rg8 32. Re2 b3 33. c3 d3 34. Rd2 Qe3+ 35. Rf2 d2 36. Kh2 d1Q 37. e5+ Qxe5+ 38. g3 Qxg3# 0-1

[Event "EU-ch U12"]
[Site "Bratislava"]
[Date "2019.08.08"]
[Round "7"]
[White "Lazic, Emanuel"]
[Black "Jetzl, Julian"]
[Result "1-0"]
[WhiteElo "1449"]
[BlackElo "1719"]
[PlyCount "147"]
[EventDate "2019.08.02"]
[EventType "swiss"]
[EventRounds "9"]
[EventCountry "SVK"]
[SourceTitle "EXT 2020"]
[Source "ChessBase"]
[SourceDate "2019.10.17"]
[SourceVersion "1"]
[SourceVersionDate "2019.10.17"]
[SourceQuality "1"]

1. e4 c5 2. Nf3 e6 3. d4 cxd4 4. Nxd4 a6 5. c4 Nf6 6. Nc3 Qc7 7. Be2 b6 8. 0-0 Bb7 9. f3 d6 10. Be3 Be7 11. Qd2 0-0 12. Rfc1 Re8 13. Kh1 Nbd7 14. Bf1 Rac8 15. a4 Qb8 16. a5 Bd8 17. axb6 Bxb6 18. Na4 Bc7 19. g3 Nb6 20. b4 Nxa4 21. Rxa4 Bb6 22. Nc2 Qa7 23. Bxb6 Qxb6 24. Nd4 Nd7 25. Ra2 Ne5 26. Be2 Rc7 27. b5 Rec8 28. bxa6 Ba8 29. Rac2 Rc5 30. Nb5 Rd8 31. Ra1 d5 32. exd5 exd5 33. Qf4 dxc4 34. Nc3 Nd3 35. Bxd3 cxd3 36. Na4 Rxc2 37. Nxb6 d2 38. Rd1 Rc1 39. Rxc1 Bxf3+ 40. Kg1 dxc1Q+ 41. Qxc1 Rd1+ 42. Qxd1 Bxd1 43. a7 Bf3 44. a8Q+ Bxa8 45. Nxa8 g6 46. Kf2 Kg7 47. Kf3 g5 48. Nc7 Kg6 49. Nd5 f5 50. Ne3 Kf6 51. Ng2 Ke5 52. Ke3 Kd5 53. Ne1 Ke5 54. Nf3+ Kf6 55. Kd4 h5 56. h4 gxh4 57. gxh4 Ke6 58. Ke3 Kf6 59. Kf4 Kg6 60. Nd4 Kf6 61. Nxf5 Kg6 62. Nd4 Kf6 63. Nf3 Kg6 64. Ke5 Kh6 65. Kf5 Kg7 66. Kg5 Kh7 67. Kxh5 Kg7 68. Kg5 Kh7 69. h5 Kg7 70. h6+ Kg8 71. Kg6 Kh8 72. Ng5 Kg8 73. h7+ Kh8 74. Nf7# 1-0

[Event "AUT-ch U12"]
[Site "St Veit"]
[Date "2019.06.10"]
[Round "6.3"]
[White "Jetzl, Julian"]
[Black "Hengl, Philip"]
[Result "1-0"]
[WhiteElo "1551"]
[BlackElo "1669"]
[PlyCount "60"]
[EventDate "2019.06.08"]
[EventType "swiss"]
[EventRounds "7"]
[EventCountry "AUT"]
[SourceTitle "EXT 2024"]
[Source "ChessBase"]
[SourceDate "2023.10.10"]
[SourceVersion "1"]
[SourceVersionDate "2023.10.10"]
[SourceQuality "1"]

1. d4 d5 2. c4 c6 3. Nc3 Nf6 4. Nf3 dxc4 5. a4 Bf5 6. Nh4 Bg6 7. Nxg6 hxg6 8. e4 e6 9. Bxc4 Bb4 10. Bg5 Qa5 11. Bd2 Qb6 12. e5 Nd5 13. Bxd5 cxd5 14. Nb5 Be7 15. Qb3 0-0 16. a5 Qd8 17. Bb4 Nc6 18. Bxe7 Qxe7 19. Qc3 Qb4 20. Qxb4 Nxb4 21. Kd2 Rfc8 22. Rhc1 Rxc1 23. Rxc1 Nc6 24. a6 Na5 25. axb7 Nxb7 26. Rc7 Na5 27. Rxa7 Nc4+ 28. Kc3 Rb8 29. b3 Nxe5 30. Nc7 Rb6 1-0

[Event "AUT-ch U12"]
[Site "St Veit"]
[Date "2019.06.09"]
[Round "4.2"]
[White "Jetzl, Julian"]
[Black "Gschiel, Alexander"]
[Result "1/2-1/2"]
[WhiteElo "1551"]
[BlackElo "1757"]
[PlyCount "102"]
[EventDate "2019.06.08"]
[EventType "swiss"]
[EventRounds "7"]
[EventCountry "AUT"]
[SourceTitle "EXT 2024"]
[Source "ChessBase"]
[SourceDate "2023.10.10"]
[SourceVersion "1"]
[SourceVersionDate "2023.10.10"]
[SourceQuality "1"]

1. d4 Nf6 2. c4 e6 3. Nc3 Bb4 4. e3 d5 5. a3 Bxc3+ 6. bxc3 c5 7. Bd3 0-0 8. Ne2 Qc7 9. Qc2 Nbd7 10. Ng3 dxc4 11. Bxc4 cxd4 12. cxd4 b5 13. Bd3 Qxc2 14. Bxc2 Bb7 15. f3 e5 16. Bb2 Nd5 17. Kd2 N7b6 18. Bd3 Na4 19. Rab1 Nxb2 20. Rxb2 exd4 21. exd4 a6 22. Rc1 Nf4 23. Ke3 Nd5+ 24. Kd2 Rfe8 25. Ne4 Nf4 26. Ke3 Nd5+ 27. Kd2 Rad8 28. a4 Nf4 29. g3 Ne6 30. axb5 Rxd4 31. Ke3 Red8 32. Rc3 axb5 33. Rxb5 Rxd3+ 34. Rxd3 Rxd3+ 35. Kxd3 Ba6 36. Kc4 Bxb5+ 37. Kxb5 Nd4+ 38. Kc4 Nxf3 39. h4 f5 40. Nd6 g6 41. Kd3 Ne5+ 42. Ke3 Kf8 43. Kf4 Nf7 44. Nxf7 Kxf7 45. Kg5 Kg7 46. h5 gxh5 47. Kxf5 Kf7 48. Kf4 Kg6 49. Kf3 Kf5 50. Kg2 Kg4 51. Kh2 h4 1/2-1/2

[Event "AUT-ch U12"]
[Site "St Veit"]
[Date "2019.06.08"]
[Round "1.7"]
[White "Schicho, Michael"]
[Black "Jetzl, Julian"]
[Result "0-1"]
[WhiteElo "1526"]
[BlackElo "1551"]
[PlyCount "90"]
[EventDate "2019.06.08"]
[EventType "swiss"]
[EventRounds "7"]
[EventCountry "AUT"]
[SourceTitle "EXT 2024"]
[Source "ChessBase"]
[SourceDate "2023.10.10"]
[SourceVersion "1"]
[SourceVersionDate "2023.10.10"]
[SourceQuality "1"]

1. e4 c5 2. Nf3 e6 3. d3 Qc7 4. Nbd2 Nf6 5. g3 Be7 6. Bg2 0-0 7. 0-0 Nc6 8. Qe2 d6 9. Rd1 a6 10. Nf1 b5 11. Be3 Bb7 12. N1d2 Rfd8 13. a3 d5 14. Bg5 h6 15. Bxf6 Bxf6 16. c3 a5 17. Rac1 Qb6 18. Nf1 Rac8 19. e5 Be7 20. d4 c4 21. Ra1 Rc7 22. Rdb1 Rdc8 23. N1d2 b4 24. axb4 axb4 25. Qd1 Ba6 26. Qc2 Bb5 27. Qd1 b3 28. Nf1 Rb7 29. Ne3 Rbb8 30. Bh3 Qd8 31. Bg2 Ra8 32. Qe1 Rxa1 33. Rxa1 Ra8 34. Nd2 Ra5 35. Rxa5 Qxa5 36. Qb1 Nxd4 37. Ndxc4 Ne2+ 38. Kf1 Nxc3 39. bxc3 Bxc4+ 40. Nxc4 dxc4 41. Ke1 Qxc3+ 42. Kd1 Bb4 43. Ke2 Qc2+ 44. Qxc2 bxc2 45. Be4 c1Q 0-1

[Event "EU Union-ch U10 16th"]
[Site "Mureck"]
[Date "2018.08.01"]
[Round "1"]
[White "Haapsal, Maria Ioanna"]
[Black "Jetzl, Julian"]
[Result "0-1"]
[WhiteElo "1063"]
[BlackElo "1444"]
[PlyCount "126"]
[EventDate "2018.08.01"]
[EventType "swiss"]
[EventRounds "9"]
[EventCountry "AUT"]
[SourceTitle "CBM 186 Extra"]
[Source "ChessBase"]
[SourceDate "2018.08.24"]
[SourceVersion "1"]
[SourceVersionDate "2018.08.24"]
[SourceQuality "1"]

1. e4 c5 2. Nf3 Nc6 3. d4 cxd4 4. Nxd4 e5 5. Nf3 Nf6 6. Bd3 d6 7. Nc3 Be7 8. 0-0 Bg4 9. Be2 0-0 10. Be3 Qd7 11. Qd2 Rfd8 12. Rad1 Rac8 13. Rfe1 Be6 14. Ng5 d5 15. Nxe6 fxe6 16. exd5 exd5 17. Nb5 d4 18. Bg5 a6 19. Na3 Kh8 20. c3 Ne4 21. Qd3 Nxg5 22. h3 Qd6 23. Bg4 Rc7 24. Nc4 Qf6 25. Qe2 Nf7 26. Bh5 g6 27. Bf3 Bd6 28. Nxd6 Qxd6 29. Bxc6 Qxc6 30. cxd4 Rxd4 31. Rxd4 exd4 32. Qe8+ Qxe8 33. Rxe8+ Kg7 34. Kf1 Rc2 35. Re2 d3 36. Re1 d2 37. Rd1 Rxb2 38. Ke2 Rxa2 39. Rxd2 Rxd2+ 40. Kxd2 b5 41. Kc3 a5 42. Kb3 a4+ 43. Kb4 Ne5 44. Ka3 Nd3 45. f3 Ne1 46. g4 Nxf3 47. Kb4 g5 48. Ka3 Ng1 49. Kb2 Nxh3 50. Ka3 Nf2 51. Kb2 b4 52. Kc2 a3 53. Kc1 b3 54. Kb1 a2+ 55. Kb2 Nxg4 56. Ka1 h5 57. Kb2 h4 58. Ka1 h3 59. Kb2 h2 60. Ka1 h1Q+ 61. Kb2 a1Q+ 62. Kxb3 Qc6 63. Kb4 Qaa4# 0-1

[Event "AUT-ch U10"]
[Site "St Kanzian"]
[Date "2018.06.03"]
[Round "7.2"]
[White "Jetzl, Julian"]
[Black "Schwarz, Felix1111"]
[Result "1-0"]
[WhiteElo "1366"]
[BlackElo "1046"]
[PlyCount "95"]
[EventDate "2018.06.01"]
[EventType "swiss"]
[EventRounds "7"]
[EventCountry "AUT"]
[SourceTitle "EXT 2024"]
[Source "ChessBase"]
[SourceDate "2023.10.10"]
[SourceVersion "1"]
[SourceVersionDate "2023.10.10"]
[SourceQuality "1"]

1. e4 e5 2. Nc3 Nf6 3. Nf3 Bb4 4. Bb5 0-0 5. d3 a6 6. Bc4 c6 7. 0-0 d5 8. exd5 cxd5 9. Bb3 Re8 10. Bg5 d4 11. Nd5 Be7 12. Bxf6 Bxf6 13. Re1 Be6 14. Nxf6+ Qxf6 15. Rxe5 Nc6 16. Re1 Bxb3 17. cxb3 Nb4 18. Qd2 Rxe1+ 19. Rxe1 Nc6 20. Re4 Rc8 21. Qe2 h6 22. Re8+ Rxe8 23. Qxe8+ Kh7 24. Kf1 Qe7 25. Qxe7 Nxe7 26. Nxd4 Nd5 27. Nc2 Nf4 28. d4 Kg6 29. g3 Nd5 30. Ke2 Kf6 31. Kd3 Ke6 32. a3 Kd6 33. Ne3 Nf6 34. f3 b6 35. Nf5+ Kd5 36. Nxg7 Nd7 37. Nf5 h5 38. Ne3+ Ke6 39. f4 f6 40. Ke4 f5+ 41. Kd3 Nf6 42. d5+ Nxd5 43. Nxd5 Kxd5 44. b4 b5 45. b3 Ke6 46. Kd4 Kf6 47. Kd5 Kg6 48. Ke5 1-0